|
|
|
|
| LEADER |
00000nab a2200000 ar4500 |
| 001 |
vtls008948899 |
| 003 |
SK-MaSNL |
| 005 |
20260304213532.0 |
| 008 |
070223c2007 xo wr|p|||||||000 b|slo |
| 038 |
|
|
|a PPPK
|
| 040 |
|
|
|a PPPKCL
|b slo
|c PPPK
|e AACR2
|
| 041 |
0 |
|
|a slo
|
| 044 |
|
|
|a xo
|c SK
|
| 080 |
|
|
|a 338.48:659.1
|2 1997
|
| 080 |
|
|
|a 659.1:338.48
|2 1997
|
| 245 |
0 |
0 |
|a Poprad v Plzni
|c [autor] (gar)
|
| 611 |
2 |
7 |
|a Česko-slovenské dni
|n (3. :
|d 2006 :
|c Plzeň, Česko)
|2 pppkcl
|9 1546572
|
| 650 |
0 |
7 |
|a cestovný ruch
|x reklama a propagácia
|2 pppkcl
|9 1504711
|
| 650 |
0 |
7 |
|a reklama a propagácia
|x cestovný ruch
|2 pppkcl
|9 1237555
|
| 651 |
|
7 |
|a Plzeň (Česko)
|2 pppkcl
|9 30244
|
| 651 |
|
7 |
|a Poprad (Slovensko)
|2 pppkcl
|9 20155
|
| 651 |
|
7 |
|a Vysoké Tatry (Slovensko : mesto)
|2 pppkcl
|9 176366
|
| 773 |
0 |
|
|t Poprad : noviny občanov mesta
|g Roč. XVII, č. 86 (2006), s. 2
|
| 852 |
|
|
|a PPPK
|b KIS3GCP
|
| 958 |
|
|
|a SK
|
| 958 |
|
|
|a CZ
|
| 999 |
|
|
|c 3136331
|d 3138261
|